000 nam a22 7a 4500
999 _c10731
_d10731
008 180222b ||||| |||| 00| 0 eng d
100 _aShamsi,N.
_96583
245 _aAthe Art of Living-6
260 _aNew Delhi
_bGoodluck
_c2012